00663 2200241 4500001002100000005001700021008004100038035002400079040001200103082000800115090001500123100001800138245007800156250001100234260003200245300002900277504002900306650003200335700001800367700001200385850001200397990001200409YOGYA-0209000001154420090227022134.0 ind  0010-020900000011544 aYOPDYOG a371 a371bHas P aHASIBUAN, J.J aProses belajar mengajarcJ.J. Hasibuan, Moedjiono ; editor, Tjun Surjaman aCet. 1 aBandungbRemadjaKaryac1986 aVII, 96 hlmbilusc21 cm aBibliografi : hlm. 95-96 aMetode Mengajar dan belajar aSuryaman, Cun aMujiono aYOPDYOG a27739-P